European Empires by Map - Statistics

General Stats
  • This quiz has been taken 42 times
  • The average score is 13 of 16
Answer Stats
Picture Answer % Correct
French Empire
94%
German Empire
94%
Italian Empire
94%
Roman Empire
94%
Russian Empire
94%
Spanish Empire
94%
British Empire
91%
Belgian Empire
89%
Dutch Empire
89%
Portuguese Empire
83%
Swedish Empire
83%
Byzantine Empire
74%
Polish-Lithuanian Commonwealth
71%
Bulgarian Empire
69%
Denmark-Norway
29%
North Sea Empire
20%
No matching quizzes found
Score Distribution
Percent of People with Each Score
Percentile by Number Answered
Your Score History
You have not taken this quiz